00485nam a2200157Ia 450000500170000000800460001702000180006303700100008104000180009104100130010908400080012210000110013024500890014126000570023085600400028720260120131832.0008 260114s9999 xx 000 0 eng d a9780197730249 aEBOOK aCRLbengcCRL aeng2eng qCRL aHiskes 0aDemocracy, Risk, and Community Technological Hazards and the Evolution of Liberalism bOxford University PressOxford University Pressc2023 uhttps://academic.oup.com/book/49455